| 000 | 00610cab a2200193 4500 | ||
|---|---|---|---|
| 001 | WB3016-17 | ||
| 008 | 090401t1994 xxu||||| |||| 00| 0 eng d | ||
| 035 | _a(Sirsi) u36907 | ||
| 041 | _aeng | ||
| 245 | _aScale of over-renting | ||
| 260 | _c1994 | ||
| 350 | _a0 | ||
| 490 |
_aEstates Gazette _v(9416) 23 April 1994, 143(1) |
||
| 520 | _aResearch commissioned by the British Property Federation into the scale and nature of `over-renting` indicates that the problem has been much exaggerated. | ||
| 650 | _aOVER-RENTING | ||
| 690 | _aPROPERTY-COMMERCIAL PROPERTY | ||
| 942 | _n0 | ||
| 948 | _c04/03/1997 | ||
| 999 |
_c23885 _d23885 |
||